Central Library OPAC University of Rajshahi

Interest-Free commercial Banking / (Record no. 9891)

MARC details
000 -LEADER
fixed length control field 00600nam a22002177a 4500
001 - CONTROL NUMBER
control field 9891
003 - CONTROL NUMBER IDENTIFIER
rucl marc code BD-RjUL
005 - DATE AND TIME OF LATEST TRANSACTION
control field 20211208234847.0
008 - FIXED-LENGTH DATA ELEMENTS--GENERAL INFORMATION
fixed length control field 140122s1995 na ||| |||| 001 0 eng d
020 ## - INTERNATIONAL STANDARD BOOK NUMBER
International Standard Book Number 9080235415
035 ## - SYSTEM CONTROL NUMBER
System control number (BD-RjUL)9936
040 ## - CATALOGING SOURCE
Original cataloging agency BD-RjUL
Language of cataloging eng
Transcribing agency BD-RjUL
041 ## - LANGUAGE CODE
Language code of text/sound track or separate title eng
082 04 - DEWEY DECIMAL CLASSIFICATION NUMBER
Classification number 332.12
Author mark and year GAI
100 1# - MAIN ENTRY--PERSONAL NAME
Personal name Gafoor,Abdul A.L.M
9 (RLIN) 30557
245 ## - TITLE STATEMENT
Title Interest-Free commercial Banking /
Statement of responsibility, etc. Gafoor,Abdul A.L.M
260 ## - PUBLICATION, DISTRIBUTION, ETC. (IMPRINT)
Place of publication, distribution, etc. Berkenlaan :
Name of publisher, distributor, etc. Apptec Publishing ,
Date of publication, distribution, etc. c1995
300 ## - PHYSICAL DESCRIPTION
Pagination ix,86p. ;
Size 18cm.
650 07 - SUBJECT ADDED ENTRY--TOPICAL TERM
Topical term or geographic name as entry element Interest-Free commercial Banking /
9 (RLIN) 30558
942 ## - ADDED ENTRY ELEMENTS (KOHA)
Source of classification or shelving scheme Dewey Decimal Classification
Koha item type Books
Holdings
Lost status Source of classification or shelving scheme Damaged status Not for loan Collection code Permanent Location Current Location Shelving location Date acquired Source of acquisition Total Checkouts Full call number Date last seen Copy number Koha item type
  Dewey Decimal Classification   Not For Loan Non-fiction Central Library, University of Rajshahi Central Library, University of Rajshahi Reading Room 05/03/1996 Gift   332.12 GAI 1995 22/01/2014 C-1 Books